| 000 | 00491 a2200181 4500 | ||
|---|---|---|---|
| 005 | 20250519140722.0 | ||
| 008 | 250519b |||||||| |||| 00| 0 eng d | ||
| 020 |
_a9781666867084 _c$ 188.00 |
||
| 040 | _aMAIN | ||
| 082 |
_a572 _bL645E |
||
| 100 | _aLindsay, Jamie | ||
| 245 | _aEssentials of biochemistry and biotechnology | ||
| 260 |
_bAmerican Academic Publisher _c2024 _aWilmington |
||
| 300 | _axiii, 361 | ||
| 650 | _aBiochemistry | ||
| 650 | _aOeganic Chemistry | ||
| 942 | _cBK | ||
| 999 |
_c359747 _d359747 |
||